000 00792cam a22002291 4500
001 l 33000125
003 DLC
005 20260227111534.0
008 820626s1933 dcu 000 0 eng
010 _al 33000125
035 _a(OCoLC)14735371
040 _aDLC
_cDNLM
_dOCoLC
_dDLC
042 _apremarc
050 0 0 _aHV95
_b.C6
060 0 _aW1
_bUN6181 no.224 1933
100 1 _aColby, Mary Ruth,
_d1893-
245 1 4 _aThe county as an administrative unit for social work,
_cby Mary Ruth Colby ...
260 _aWashington,
_bU.S. Govt. print. off.,
_c1933.
300 _av, 48 p.
410 1 0 _aUnited States.
_bChildren's Bureau.
_tPublication
_vno. 224
500 _aAt head of title: United States Dept. of labor, Frances Perkins, secretary. Children's bureau, Grace Abbott, chief.
999 _c36111
_d36111